000 00528nam a2200181Ia 4500
999 _c30005
_d30005
003 OSt
005 20210107092726.0
008 190216s9999||||xx |||||||||||||| ||und||
020 _a9788188801299
040 _coclc
082 _a894.812301
_bPAR/V
100 _aParakadavu, P K
_95449
245 0 _aVasco Da Gama Thrirchu Pokunnu /
_cP K Parakadavu
260 _bLipi Publications,
_c2007.
_aKozhikode:
300 _a49p
650 _aStories
942 _cBK
_2ddc
_h894.812301
_iPAR/V
_k894.812301
_mPAR/V